<?xml version="1.0" encoding="UTF-8"?>
<marc:record xmlns:marc="http://www.loc.gov/MARC21/slim">
   <marc:leader>00000nam a2200000 a 4500</marc:leader>
   <marc:datafield ind1="1" ind2=" " tag="100">
      <marc:subfield code="a">Gstättner, Egyd</marc:subfield>
      <marc:subfield code="4">aut</marc:subfield>
      <marc:subfield code="e">Verfasser/-in</marc:subfield>
   </marc:datafield>
   <marc:datafield ind1="0" ind2="0" tag="245">
      <marc:subfield code="a">Am Fuß des Wörthersees</marc:subfield>
   </marc:datafield>
   <marc:datafield ind1="0" ind2="0" tag="245">
      <marc:subfield code="b">Neue Nachrichten aus der Provinz</marc:subfield>
   </marc:datafield>
   <marc:datafield ind1="0" ind2="0" tag="245">
      <marc:subfield code="c">Egyd Gstättner</marc:subfield>
   </marc:datafield>
   <marc:datafield ind1=" " ind2="1" tag="264">
      <marc:subfield code="a">Wien</marc:subfield>
      <marc:subfield code="b">Picus</marc:subfield>
      <marc:subfield code="c">2014</marc:subfield>
   </marc:datafield>
   <marc:datafield ind1="1" ind2=" " tag="520">
      <marc:subfield code="a">Angaben aus der Verlagsmeldung

Am Fuß des Wörthersees. : Neue Nachrichten aus der Provinz / von Egyd Gstättner

Der Wörthersee und die Menschen, die an seinen Ufern leben, stellen eine ganz besondere Welt dar, zumindest wenn man Egyd Gstättner, der selbst schon sein ganzes Leben lang dort daheim ist, glaubt. Seine sehr persönlichen, kritischen »Nachrichten aus der Provinz« berichten von der High Society rund um den Wörthersee, die ihren eigenen Gesetzen gehorcht und auch Geistliche nicht ausschließt, von Kleinkriegen und verletzten Vögeln. Er karikiert die große Politik im Kleinen – vor allem aber ist diese Auslese eine beinahe intime Bestandsaufnahme eines Schriftstellers, der seine Heimat zu lieben versucht, dem aber immer wieder (Pflaster-)Steine in den Weg gelegt werden.

Egyd Gstättner ist ganz in seinem Element, und so entschlüpft einem immer wieder ein bitteres Lachen, wo man nicht gerade zustimmend den Kopf schüttelt. Der Meister des schonungslosen Humors at his best!
</marc:subfield>
   </marc:datafield>
   <marc:datafield ind1=" " ind2=" " tag="020">
      <marc:subfield code="a">9783711720122</marc:subfield>
      <marc:subfield code="9">9783711720122</marc:subfield>
   </marc:datafield>
   <marc:datafield ind1=" " ind2=" " tag="300">
      <marc:subfield code="a">220 S.</marc:subfield>
   </marc:datafield>
</marc:record>
